Every Track The NASCAR Cup Series Has Raced At - Statistics

General Stats
  • This quiz has been taken 144 times
  • The average score is 47 of 178
Answer Stats
Year(s) Active Number of Races State Answer % Correct
1950-1952 6 OH Dayton Speedway
98%
1960-Present 119 GA Atlanta Motor Speedway
90%
1969-Present 108 AL Talladega Superspeedway
90%
2023-Present 1 IL Chicago Street Circuit
89%
1960-Present 125 NC Charlotte Motor Speedway
88%
2018-Present 5 NC Charlotte Roval
88%
1957, 1964-1965, 1986-Present 40 NY Watkins Glen
88%
2021-Present 3 IN Indianapolis Grand Prix Circuit
86%
1994-2020 27 IN Indianapolis Motor Speedway
86%
1988-Present 54 AZ Phoenix Raceway
86%
1974-Present 90 PA Pocono Raceway
86%
1997-Present 42 TX Texas Motor Speedway
86%
1969, 1971-1973, 1979-1981 8 TX Texas World Speedway
86%
1950-Present 125 SC Darlington Raceway
84%
1961-Present 122 TN Bristol Motor Speedway
83%
2021-2023 3 TN Bristol Motor Speedway Dirt Track
83%
1998-Present 31 NV Las Vegas Motor Speedway
83%
1955 1 NV Las Vegas Park Speedway
83%
1959-Present 153 FL Daytona International Speedway
82%
2020-2021 2 FL Daytona International Speedway Road Course
82%
2001-Present 36 KS Kansas Speedway
82%
1949-Present 149 VA Martinsville Speedway
82%
1969-Present 105 DE Dover Motor Speedway
81%
1999-Present 24 FL Homestead-Miami Speedway
81%
2011-2020 10 KY Kentucky Speedway
80%
1953, 1955-Present 134 VA Richmond Raceway
80%
1949-1958 10 FL Beach and Road Course
78%
1969- 106 MI Michigan International Speedway
78%
1951-1952 2 MI Michigan State Fairgrounds
78%
1989- 34 CA Sonoma Raceway
78%
1993-Present 52 NH New Hampshire Motor Speedway
77%
2001-2019 19 IL Chicagoland Speedway
75%
1949-1996 93 NC North Wilkesboro Speedway
75%
1958-1984 42 TN Fairgrounds Speedway Nashville
74%
2021-Present 3 TN Nashville Superspeedway
74%
2021-Present 3 TX Circuit of the Americas
73%
1997-Present 33 CA Auto Club Speedway
72%
1965-2004 78 NC Rockingham Speedway
67%
1956, 2021-2022 3 WI Road America
63%
1958, 1961, 1963-1988 48 CA Riverside International Raceway
57%
2022-Present 2 IL World Wide Technology Raceway
56%
1951-1952 2 OH Fort Miami Speedway
50%
1971-1972, 1974-1980 9 CA Ontario Motor Speedway
45%
1956-1957 7 OR Portland Speedway
44%
1958-1971 29 NC Bowman Gray Stadium
39%
1956-1961 6 CA California State Fairgrounds
34%
1960-1964, 1968-1971 10 VA South Boston Speedway
32%
1954-1957 5 AR Memphis-Arkansas Speedway
31%
1958-1959, 1967-1972 8 NJ Trenton Speedway
30%
1951-1971 43 SC Columbia Speedway
27%
1957, 1964 2 NC Jacksonville Speedway
27%
1955-1957 3 NY New York State Fairgrounds
27%
1953-1958 7 NC Raleigh Speedway
27%
1953-1971 35 NC Hickory Speedway
26%
1949-1957 17 PA Langhorne Speedway
26%
1956 1 OK Oklahoma State Fairgrounds
26%
1951 1 SC Airbase Speedway
25%
1951, 1955-1956, 1960 4 AZ Arizona State Fairgrounds
24%
1958, 1961, 1963-1965, 1967-1968 8 AL Birmingham International Raceway
24%
1956-1957, 1965 6 NC Cleveland County Fairgrounds
23%
1958-1965 9 SC Myrtle Beach Speedway
23%
1955, 1969-1970 3 NC North Carolina State Fairgrounds
23%
1951-1969 34 NC Asheville-Weaverville Speedway
20%
1964 1 GA Augusta International Speedway
20%
1962-1969 12 GA Augusta Speedway
20%
1956-1959 7 NC Concord Speedway
20%
1966-1971 9 GA Middle Georgia Raceway
20%
1962-1968, 1971 8 NC New Asheville Speedway
20%
1962, 1964 5 NC New Concord Speedway
20%
1955-1956, 1958-1971 28 SC Greenville-Pickens Speedway
19%
1970-1971 2 NY Albany-Saratoga Speedway
17%
1951, 1954 3 CA Oakland Stadium
17%
1962-1964, 1967, 1969-1970 10 GA Savannah Speedway
17%
1955 1 AZ Tucson Rodeo Grounds
17%
1963-1964, 1970-1971 4 WV West Virginia International Speedway
17%
1951 1 GA Columbus Speedway
16%
1984-1968, 1971 6 NY Islip Speedway
16%
1958 1 Ontario Canadian Exposition Stadium
15%
1956 1 IL Soldier Field
15%
1964-1970 9 VA Langley Speedway
14%
1960 1 NY Montgomery Air Base
14%
1955-1956, 1967-1969 6 AL Montgomery Speedway
14%
1956-1957 2 CA Willow Springs Speedway
14%
1953 1 NE Lincoln City Fairgrounds
13%
1955-1958, 1964-1965 7 PA Lincoln Speedway
13%
1958, 1963-1964, 1966 4 NY Bridgehampton Raceway
11%
1957-1958 3 NC Greensboro Fairgrounds
11%
1962 1 AL Huntsville Speedway
11%
1953 1 LA Louisiana Fairgrounds
11%
1951, 1969-1970 3 CT Thompson Speedway Motorsports Park
11%
1950-1956, 1958 8 NY Monroe County Fairgrounds
10%
1952 1 MI Monroe Speedway
10%
1956-1957 2 VA Norfolk Speedway
10%
1949-1968 32 NC Occoneechee Speedway
10%
1964-1965 2 NC Harris Speedway
8%
1969-1971 3 TN Kingsport Speedway
8%
1951-1954, 1956, 1958-1959 11 GA Lakewood Speedway
8%
1966-1968 3 ME Oxford Plains Speedway
8%
1954 1 PA Williams Grove Speedway
8%
1951-1954, 1956-1960 12 NC Wilson Speedway
8%
1953 1 FL Five Flags Speedway
7%
1951, 1954 2 MI Grand Rapids Speedrome
7%
1957 2 SC Lancaster Speedway
7%
1954 1 NJ Linden Airport
7%
1952-1956 7 FL Palm Beach Speedway
7%
1958-1959 2 PA Reading Fairgrounds
7%
1958 1 NJ Wall Stadium
7%
1955 1 NY Airborne Speedway
6%
1951, 1955 2 NY Altamont-Schenectady Fairgrounds
6%
1965-1970 10 MD Beltsville Speedway
6%
1953 1 IA Davenport Speedway
6%
1962-1966 7 NC Dog Track Speedway
6%
1949-1950 2 NY Hamburg Speedway
6%
1954 1 IL Santa Fe Speedway
6%
1957, 1959, 1961 3 CA Ascot Park
5%
1953 1 PA Bloomsburg Fairgrounds
5%
1950-1952 3 OH Canfield Speedway
5%
1951, 1954 4 CA Carrell Speedway
5%
1951-1954 7 GA Central City Speedway
5%
1956-1957 2 SC Coastal Speedway
5%
1960 1 AL Dixie Speedway
5%
1955, 1966-1968 4 NY Fonda Speedway
5%
1958 1 NC Gastonia Fairgrounds
5%
1949, 1951, 1959-1960 4 PA Heidelberg Raceway
5%
1951 2 AL Lakeview Speedway
5%
1953 1 VA Princess Anne Speedway
5%
1956-1957 2 CA Redwood Acers Speedway
5%
1958 1 NC Salisbury Speedway
5%
1951-1952, 1954-1955, 1961, 1964 6 FL Speedway Park
5%
1958, 1961-1962, 1964 4 VA Starkey Speedway
5%
1953, 1955 2 NC Tri-City Speedway
5%
1950 1 IN Winchester Speedway
5%
1951 1 OH Bainbridge Speedway
3%
1954-1956 3 CA Bay Meadows Speedway
3%
1956 1 CA Merced Fairgrounds
3%
1951-1955 5 NJ Morristown Speedway
3%
1957 1 SC Newberry Speedway
3%
1956-1957 2 TN Newport Speedway
3%
1952 1 IN Playland Park Speedway
3%
1953 1 SD Rapid Valley Speedway
3%
1954 1 OH Sharon Speedway
3%
1965-1971 12 TN Smoky Mountain Raceway
3%
1954-1961 17 NC Southern States Fairgrounds
3%
1961-1963 4 VA Southside Speedway
3%
1952 1 Ontario Stamford Park
3%
1963 3 NC Tar Heel Speedway
3%
1962, 1964-1965 3 GA Valdosta 75 Speedway
3%
1950 2 NY Vernon Fairgrounds
3%
1962, 1964 2 GA Boyd's Speedway
2%
1958-1959 4 NC Champion Speedway
2%
1960 1 SC Gamecock Speedway
2%
1951, 1960-1961 3 CA Hanford Motor Speedway
2%
1953 1 NC Harnett Speedway
2%
1952 1 GA Hayloft Speedway
2%
1957 1 WA Kitsap County Airport
2%
1961 1 MA Norwood Arena
2%
1954-1955 2 GA Oglethorpe Speedway
2%
1956-1958, 1963-1965 6 NJ Old Bridge Stadium
2%
1958, 1963-1966 7 VA Old Dominion Speedway
2%
1953 1 OH Powell Motor Speedway
2%
1957 1 CA Santa Clara Fairgrounds
2%
1952 1 NY Tioga Speedway
2%
1957 1 FL Titusville-Cocoa Speedway
2%
1956 1 AL Chisholm Speedway
1%
1958 1 NY Civic Stadium
1%
1954 1 KY Corbin Speedway
1%
1955 2 NC Forsyth County Fairgrounds
1%
1963 1 FL Golden Gate Speedway
1%
1968-1969 2 GA Gresham Motorsports Park
1%
1961 1 SC Hartsville Speedway
1%
1958 1 NC McCormick Field
1%
1971 1 TX Meyer Speedway
1%
1958 1 PA New Bradford Speedway
1%
1951 1 PA Pine Grove Speedway
1%
1966 1 NC Starlite Speedway
1%
1958 1 NY State Line Speedway
1%
1957 1 CA Capital Speedway
0%
1953-1966 22 SC Hub City Speedway
0%
No matching quizzes found
Score Distribution
Percent of People with Each Score
Percentile by Number Answered
Your Score History
You have not taken this quiz